|
|
|
|
| LEADER |
01669nam a2200445 i 4500 |
| 001 |
001528052 |
| 003 |
CZ BrMZK |
| 005 |
20160628133139.0 |
| 007 |
ta |
| 008 |
160525s2014 xxka e p 001 0 eng |
| 020 |
|
|
|a 978-0-415-64497-6
|q (brožováno)
|
| 040 |
|
|
|a BOA001
|b cze
|e rda
|
| 044 |
|
|
|a xxk
|a xxu
|
| 072 |
|
7 |
|a 808
|x Literární styl. Literární činnost a technika. Efektivní využívání jazyka. Spisovatelská činnost
|2 Konspekt
|9 11
|
| 072 |
|
7 |
|a 37.016
|x Učební osnovy. Vyučovací předměty. Učebnice
|2 Konspekt
|9 22
|
| 080 |
|
|
|a 811.111
|2 MRF
|
| 080 |
|
|
|a 808.5
|2 MRF
|
| 080 |
|
|
|a 81'38
|2 MRF
|
| 080 |
|
|
|a 808.1
|2 MRF
|
| 080 |
|
|
|a (075)
|2 MRF
|
| 100 |
1 |
|
|a Simpson, Paul,
|d 1959-
|7 jx20080708015
|4 aut
|
| 245 |
1 |
0 |
|a Stylistics :
|b a resource book for students /
|c Paul Simpson
|
| 250 |
|
|
|a Second edition
|
| 264 |
|
1 |
|a London ;
|a New York :
|b Routledge, Taylor & Francis Group,
|c 2014
|
| 300 |
|
|
|a xvii, 313 stran :
|b ilustrace ;
|c 25 cm
|
| 336 |
|
|
|a text
|b txt
|2 rdacontent
|
| 337 |
|
|
|a bez média
|b n
|2 rdamedia
|
| 338 |
|
|
|a svazek
|b nc
|2 rdacarrier
|
| 490 |
1 |
|
|a Routledge English language introductions
|
| 504 |
|
|
|a Obsahuje bibliografii a rejstřík
|
| 650 |
0 |
7 |
|a angličtina
|7 ph114056
|2 czenas
|
| 650 |
0 |
7 |
|a rétorika
|7 ph125389
|2 czenas
|
| 650 |
0 |
7 |
|a stylistika
|7 ph126173
|2 czenas
|
| 650 |
0 |
7 |
|a tvůrčí psaní
|7 ph126817
|2 czenas
|
| 655 |
|
7 |
|a učebnice
|7 fd133770
|2 czenas
|
| 830 |
|
0 |
|a Routledge English language introductions
|
| 910 |
|
|
|a BOA001
|b 2-1366.913
|
| 990 |
|
|
|a BK
|
| 991 |
|
|
|b 201606
|c NOV
|x 99
|
| 996 |
7 |
|
|b 2610671500
|c 2-1366.913
|l Anglická knihovna/2.patro
|r ZHR
|n 10
|p kupz
|h LIN-styl
|w 001563244
|u 000010
|a 0
|e BOA001
|j MZK50
|s A
|